Statistiken für Länder mit Gleichgeschlechtlicher Ehe

Klicken Sie hier um das Quiz zu spielen!

Allgemein

  • Dieses Quiz wurde 234 mal gespielt
    (159 seit der letzten Aktualisierung)
  • Das Durchschnittsergebnis liegt bei 22 aus 29

Antwortstatistiken

JahreLänder% Korrekt
2009Schweden
99%
2015Vereinigte Staaten
98%
2017Deutschland
97%
2009Norwegen
96%
2005Spanien
96%
2005Kanada
93%
2001Niederlande
93%
2019Österreich
93%
2012Dänemark
92%
2017Finnland
92%
2013Frankreich
92%
2010Portugal
91%
2003Belgien
90%
2018Australien
84%
2010Argentinien
81%
2015Irland
81%
2015Luxemburg
81%
2013Neuseeland
81%
2014Vereinigtes Königreich
81%
2013Brasilien
79%
2010Mexiko
79%
2010Island
78%
2017Malta
52%
2016Kolumbien
51%
2013Uruguay
49%
2006Südafrika
46%
2019Taiwan
32%
2019Ecuador
31%
2020Costa Rica
26%

Verteilung der Resultate

Perzentil nach korrekt beantworteten Fragen

Anzahl Personen mit jedem Resultat

Ihre Resultats-Entwicklung

Sie haben dieses Quiz seit der letzten Aktualisierung nicht gespielt